Directory of bodies

Na minha lista:
Detalhes bibliográficos
Formato: Livro
Idioma:inglês
Publicado em: Paris Organisation for Economic Co-operation and Development 1998
Assuntos:
Tags: Adicionar Tag
Sem tags, seja o primeiro a adicionar uma tag!

MARC

LEADER 00000nam a2200000 4500
001 c122426
005 20221221084221.9
041 0 |a eng 
044 |a FR 
245 1 0 |a Directory of bodies 
264 1 |a Paris  |b Organisation for Economic Co-operation and Development  |c 1998 
300 |a 467 s. 
610 2 0 |a štruktúra organizačná 
610 2 0 |a spolupráca hospodárska medzinárodná 
610 2 0 |a politika hospodárska medzinárodná 
610 2 0 |a organizácie medzinárodné 
610 2 0 |a pracovníci riadiaci 
610 2 0 |a pracovníci vedúci 
610 2 0 |a OECD 
610 2 0 |a 1998